| 000 | 00813nam a2200229 a 4500 | ||
|---|---|---|---|
| 999 |
_c11987 _d11987 |
||
| 001 | 11987 | ||
| 003 | BD-JhCC | ||
| 005 | 20220829134022.0 | ||
| 008 | 210301b2018 bg |||| ||a| 000 0 ben d | ||
| 020 | _a9789848018033 | ||
| 035 | _a(BD-JhCC)11987 | ||
| 040 |
_aBD-JhCC _dBD-JhCC |
||
| 041 | _abengali | ||
| 082 |
_a940 _bKHA 2018 |
||
| 100 | _aখান, সাহাদত হোসেন | ||
| 245 |
_aঅটোমান সাম্রাজ্যের স্বরণীয় অধ্যায় / _cসাহাদত হোসেন খান । |
||
| 260 |
_aঢাকা: _bআফসার ব্রাদার্স; _c২০১৮. |
||
| 300 |
_a231 p. : _c22 cm. |
||
| 650 |
_aTurkey _xSüleyman I, Sultan of the Turks, 1494 or 1495-1566 _zSultans |
||
| 942 |
_2ddc _cBK _05 |
||